|
|
|
|
| LEADER |
00000naa2a2200000 4500 |
| 001 |
426496 |
| 005 |
20231101074526.0 |
| 035 |
|
|
|a (RuTPU)RU\TPU\prd\85242
|
| 035 |
|
|
|a RU\TPU\prd\49686
|
| 090 |
|
|
|a 426496
|
| 100 |
|
|
|a 20100706a2006 k y0rusy50 ca
|
| 101 |
0 |
|
|a rus
|
| 102 |
|
|
|a RU
|
| 200 |
1 |
|
|a Оценка текстуры тонкостенных циркониевых труб
|f В. М. Косенков, В. С. Поленок, П. П. Силантьев
|
| 225 |
1 |
|
|a Научно-технические сообщения
|
| 320 |
|
|
|a Библиогр.: 4 назв.
|
| 461 |
|
0 |
|0 (RuTPU)RU\TPU\prd\33
|x 0004-7163
|t Атомная энергия
|o теоретический и научно-технический журнал
|f Российская академия наук ; Министерство РФ по атомной энергии, ядерного общества
|d 1956-
|
| 463 |
|
0 |
|0 (RuTPU)RU\TPU\prd\85231
|t Т. 101, вып. 6
|v с. 452-454
|d 2006
|
| 610 |
1 |
|
|a тонкостенные циркониевые трубы
|
| 610 |
1 |
|
|a текстура
|
| 610 |
1 |
|
|a оценка
|
| 610 |
1 |
|
|a эксплуатационные ресурсы
|
| 610 |
1 |
|
|a топливо
|
| 610 |
1 |
|
|a выгорание
|
| 675 |
|
|
|a 621.039.531
|v 3
|
| 700 |
|
1 |
|a Косенков
|b В. М.
|
| 701 |
|
1 |
|a Поленок
|b В. С.
|
| 701 |
|
1 |
|a Силантьев
|b П. П.
|
| 801 |
|
1 |
|a RU
|b 63413507
|c 20070321
|g PSBO
|
| 801 |
|
2 |
|a RU
|b 63413507
|c 20100706
|g PSBO
|
| 942 |
|
|
|c BK
|